000 01673cam a2200385 a 4500
001 1859646
003 ARRUPE
005 20160226153536.0
008 820422s1982 cau b 010 0beng
010 _a 82004509
020 _a0934934096
020 _a0934934088 (pbk.)
040 _aDLC
_cDLC
_dDLC
043 _af------
_as-gy---
050 0 0 _aDT19.7.R62
_bW34 1982
082 0 0 _a988/.103/0924
_aB
_219
100 _aEdward A. Alpers
_922521
245 0 0 _aWalter Rodney, revolutionary and scholar :
_ba tribute /
_cEdward A. Alpers and Pierre-Michel Fontaine, editors.
260 _a[Los Angeles, CA] :
_bCenter for Afro-American Studies and African Studies Center, University of California, Los Angeles,
_cc1982.
300 _axi, 187 p. ;
_c24 cm.
440 2 _aA CAAS special publication
_922522
500 _a"Papers ... originally presented at the memorial symposium Walter Rodney, revolutionary and scholar, a tribute, held 30 January 1981 at the University of California, Los Angeles"--P. ix.
504 _a"The works of Walter Rodney, a preliminary listing": p. 175-185.
600 1 0 _aRodney, Walter.
_922523
650 0 _aHistorians
_zGuyana
_xBiography.
_922524
650 0 _aPan-Africanism.
_93229
651 0 _aAfrica
_xHistoriography.
_922525
700 1 _aRodney, Walter.
_922523
700 1 _aAlpers, Edward A.
_922526
700 1 _aFontaine, Pierre-Michel,
_d1938-
_922527
710 2 _aUniversity of California, Los Angeles.
_bCenter for Afro-American Studies.
_922528
710 2 _aUniversity of California, Los Angeles.
_bAfrican Studies Center.
_922529
906 _a7
_bcbc
_corignew
_d1
_eocip
_f19
_gy-gencatlg
942 _2lcc
_cMONOGRAPH
999 _c124233
_d124233